LIBRARY ONLINE CATALOGUE

The ideal lawyer : (Record no. 11725)

MARC details
000 -LEADER
fixed length control field 02007nam a22004332 4500
001 - CONTROL NUMBER
control field 0000025464
005 - DATE AND TIME OF LATEST TRANSACTION
control field 20151217154547.0
008 - FIXED-LENGTH DATA ELEMENTS--GENERAL INFORMATION
fixed length control field 150929s xx 000 0 eng d
020 ## - INTERNATIONAL STANDARD BOOK NUMBER
International Standard Book Number 9966031785 :
040 ## - CATALOGING SOURCE
Original cataloging agency KABU
Transcribing agency KABU
100 1# - MAIN ENTRY--PERSONAL NAME
Personal name Weda, Ambrose Otieno.
-- 0000186115
245 14 - TITLE STATEMENT
Title The ideal lawyer :
Remainder of title education, life skills, grooming, etiquette, ethics, challenges and discipline /
Statement of responsibility, etc. Ambrose Otieno Weda.
260 ## - PUBLICATION, DISTRIBUTION, ETC. (IMPRINT)
Place of publication, distribution, etc. Nairobi :
Name of publisher, distributor, etc. Law Africa,
Date of publication, distribution, etc. 2014.
300 ## - PHYSICAL DESCRIPTION
Extent xxxvii, 505 p.
650 #0 - SUBJECT ADDED ENTRY--TOPICAL TERM
Topical term or geographic name as entry element Lawyers.
-- 0000037981
650 #0 - SUBJECT ADDED ENTRY--TOPICAL TERM
Topical term or geographic name as entry element Practice of law.
-- 0000160105
650 #0 - SUBJECT ADDED ENTRY--TOPICAL TERM
Topical term or geographic name as entry element Legal ethics.
-- 0000186116
852 1# - LOCATION
-- p1600 KES
852 1# - LOCATION
-- p1600 KES
852 1# - LOCATION
-- p1600 KES
852 1# - LOCATION
-- p1600 KES
852 1# - LOCATION
-- p1600 KES
852 1# - LOCATION
-- p1600 KES
852 1# - LOCATION
-- p1600 KES
852 1# - LOCATION
-- p1600 KES
852 1# - LOCATION
-- p1600 KES
852 1# - LOCATION
-- p1600 KES
852 1# - LOCATION
-- p1600 KES
852 1# - LOCATION
-- p1600 KES
852 1# - LOCATION
-- p1600 KES
852 1# - LOCATION
-- p1600 KES
852 1# - LOCATION
-- p1600 KES
852 1# - LOCATION
-- p1600 KES
852 1# - LOCATION
-- p1600 KES
852 1# - LOCATION
-- p1600 KES
852 1# - LOCATION
-- p1600 KES
908 ## - PUT COMMAND PARAMETER (RLIN)
Put command parameter 150929
950 ## - LOCAL HOLDINGS (RLIN)
-- 1
Holdings
Withdrawn status Lost status Source of classification or shelving scheme Not for loan Home library Current library Date acquired Total Checkouts Full call number Barcode Date last seen Date last checked out Price effective from Koha item type Total Renewals Damaged status
    Library of Congress Classification   Kabarak, Main Campus Kabarak, Main Campus 17/12/2015 3 KF297 .W43 2014 c. 1 018751 28/09/2019 24/09/2019 17/12/2015 General Collection    
    Library of Congress Classification   Kabarak, Main Campus Kabarak, Main Campus 17/12/2015 13 KF297 .W43 2014 c. 3 018741 28/03/2024 28/03/2024 17/12/2015 General Collection    
    Library of Congress Classification   Kabarak, Main Campus Kabarak, Main Campus 17/12/2015 8 KF297 .W43 2014 c. 4 018740 04/10/2021 24/09/2021 17/12/2015 General Collection 1  
    Library of Congress Classification   Kabarak, Main Campus Kabarak, Main Campus 17/12/2015 4 KF297 .W43 2014 c. 5 018743 07/10/2019 02/10/2019 17/12/2015 General Collection    
    Library of Congress Classification   Kabarak, Main Campus Kabarak, Main Campus 17/12/2015 1 KF297 .W43 2014 c. 7 018742 27/11/2020 16/05/2019 17/12/2015 General Collection    
    Library of Congress Classification   Kabarak, Main Campus Kabarak, Main Campus 17/12/2015 6 KF297 .W43 2014 c. 8 018750 12/11/2019 12/10/2019 17/12/2015 General Collection 1  
    Library of Congress Classification   Kabarak, Main Campus Kabarak, Main Campus 17/12/2015 3 KF297 .W43 2014 c. 10 018749 05/07/2019 18/06/2019 17/12/2015 General Collection    
    Library of Congress Classification   Kabarak, Main Campus Kabarak, Main Campus 17/12/2015 8 KF297 .W43 2014 c. 11 018747 02/02/2021 22/01/2021 17/12/2015 General Collection 2  
    Library of Congress Classification   Kabarak, Main Campus Kabarak, Main Campus 17/12/2015 6 KF297 .W43 2014 c. 13 018735 03/06/2021 27/05/2021 17/12/2015 General Collection    
    Library of Congress Classification   Kabarak, Main Campus Kabarak, Main Campus 17/12/2015 7 KF297 .W43 2014 c. 14 018748 30/09/2023 15/09/2023 17/12/2015 General Collection    
    Library of Congress Classification   Kabarak, Main Campus Kabarak, Main Campus 17/12/2015 5 KF297 .W43 2014 c. 15 018738 31/10/2019 18/10/2019 17/12/2015 General Collection    
    Library of Congress Classification   Kabarak, Main Campus Kabarak, Main Campus 17/12/2015 4 KF297 .W43 2014 c. 16 018754 26/02/2021 11/02/2021 17/12/2015 General Collection    
    Library of Congress Classification   Kabarak, Main Campus Kabarak, Main Campus 17/12/2015 7 KF297 .W43 2014 c. 17 018745 28/10/2019 07/10/2019 17/12/2015 General Collection    
    Library of Congress Classification   Kabarak, Main Campus Kabarak, Main Campus 17/12/2015 7 KF297 .W43 2014 c. 18 018737 29/05/2021 22/05/2021 17/12/2015 General Collection    
    Library of Congress Classification   Kabarak, Main Campus Kabarak, Main Campus 17/12/2015 9 KF297 .W43 2014 c. 20 018746 08/02/2025 23/01/2025 17/12/2015 General Collection    
    Library of Congress Classification   Kabarak, Main Campus Kabarak, Main Campus 17/12/2015 10 KF297 .W43 2014 c. 12 018752 19/04/2021 08/04/2021 17/12/2015 General Collection    
  Lost Library of Congress Classification   Kabarak, Main Campus Kabarak, Main Campus 17/12/2015 5 KF297 .W43 2014 c. 6 018736 30/09/2019 30/09/2019 17/12/2015 General Collection    
    Library of Congress Classification   Kabarak, Main Campus Kabarak, Main Campus 17/12/2015 5 KF297 .W43 2014 c. 9 018744 11/12/2019 11/12/2019 17/12/2015 General Collection 2  
    Library of Congress Classification   Kabarak, Main Campus Kabarak, Main Campus 17/12/2015 10 KF297 .W43 2014 c. 19 018753 02/12/2019 30/10/2019 17/12/2015 General Collection 2  
    Library of Congress Classification   Kabarak, Main Campus Kabarak, Main Campus 17/12/2015 12 KF297 .W43 2014 c. 2 018739 26/09/2023 09/09/2023 17/12/2015 General Collection 1